| 000 | 00728nam a2200181Ia 4500 | ||
|---|---|---|---|
| 003 | GCL | ||
| 008 | 140319s9999 xx 000 0 ara d | ||
| 040 |
_aGCL / _cGCL |
||
| 082 | 0 | 4 |
_a657.0021 _bع م |
| 100 | 1 | _aعين حامد معين السمرى | |
| 245 | 1 | 0 |
_aمعايير المراجعة الدولية ومدى امكانية استخدامها فى تنظيم للممارسة المهنية بالمملكة العربية السعودية (دراسة تحليلية مقارنه) / _cعين حامد معين السمرى |
| 300 | _a201 ص | ||
| 490 |
_aكتاب _v0 |
||
| 650 | 0 | 4 | _aمراجعة الحسابات |
| 650 | 0 | 4 | _aالمحاسبة |
| 650 | 0 | 4 | _aالمواصفات القياسية |
| 942 |
_2ddc _cBK |
||
| 999 |
_c41366 _d41366 |
||